Reforms in Criminal Justice System of Pakistan (Trial Delays and Prolonged Detention) / (Record no. 615629)

000 -LEADER
fixed length control field 00482nam a22001337a 4500
082 ## - DEWEY DECIMAL CLASSIFICATION NUMBER
Classification number 340
Author Mark KHA
100 ## - MAIN ENTRY--PERSONAL NAME
Personal name Khan, Mir Sarfaraz & Ahmed, Muzaffar
245 ## - TITLE STATEMENT
Title Reforms in Criminal Justice System of Pakistan (Trial Delays and Prolonged Detention) /
Statement of responsibility, etc. Mir Sarfaraz Khan & Muzaffar Ahmed
260 ## - PUBLICATION, DISTRIBUTION, ETC.
Place of publication, distribution, etc. Islamabad :
Name of publisher, distributor, etc. NUST Law School,
Date of publication, distribution, etc. 2025.
300 ## - PHYSICAL DESCRIPTION
Extent 33 p. ;
Dimensions 30 CM.
563 ## - BINDING INFORMATION
Binding note HBK.
856 ## - Uniform Resource Identifier
Uniform Resource Identifier <a href="http://10.250.8.41:8080/xmlui/handle/123456789/56174">http://10.250.8.41:8080/xmlui/handle/123456789/56174</a>
942 ## - ADDED ENTRY ELEMENTS (KOHA)
Source of classification or shelving scheme
Koha item type Project Report
Holdings
Withdrawn status Lost status Source of classification or shelving scheme Damaged status Not for loan Permanent Location Current Location Date acquired Total Checkouts Full call number Barcode Date last seen Price effective from Koha item type
          NUST Law School (NLS) NUST Law School (NLS) 12/18/2025   340 KHA NLSP-17 12/18/2025 12/18/2025 Project Report
© 2023 Central Library, National University of Sciences and Technology. All Rights Reserved.